00555nam a2200193 a 4500001001300000003000900013005001700022008004100039020001000080082001700090100002000107245006800127260004400195300000900239500003500248505002600283650003200309700002000341nice12345678IN_TiNIC20260116012724.0050524s1964 lona grp 000 0 eng  ac14000a915.504bFRA aFraser, James B aNarrative of a Journey into Khorasan in the Years 1821 and 1822 aLondan bOxford University Press c1964 a633p aincludes index and biblioraphy2 aAppendex, 148p, Index aIran-Travel and Description1 aFraser, James B